02580nam a2200337 a 4500003000500000005001700005007000300022008004100025020002200066040002300088050002900111082003300140100002800173245004500201250001700246264004600263300001800309336002700327337002700354338002800381490004700409520119500456520035501651650003502006650002002041650004202061650004102103650001402144650003702158830004702195CHAP20230605134105.0ta230411s2011 mx ||||gr|||| 000 f spa d a978-607-310-173-8 amxchpuacCHAPerda10aPQ7298.25b.Q56 O78 201100a808.83951 bQ56 O78 20112201 aOrtega, Leonardoeautor13aLa quinta aparición /cLeonardo Ortega a1a edición aMéxico :bRandom House Mondadori,c2011 a228 páginas 2rdacontentatextobtxt 2rdamediaasin mediobn 2rdacarrieravolumenbnc1 aDeBolsillo Novela (Random House Mondadori) aUn arquitecto fue contratado para remodelar la antigua basílica de Guadalupe, en 2008. Durante los trabajos, se descubrió un pergamino del siglo XVI. Su contenido: cinco profecías anunciadas por la Virgen a Juan Diego. Gabriel, un destacado arquitecto, descubre durante unas excavaciones en la basílica de Guadalupe un misterioso pergamino, escrito en náhuatl. Tras el hallazgo, pide ayuda a un amigo cercano para descifrarlo; este último es un químico idealista quien se apoya en una brillante ingeniera de sistemas, en un pintor experto en iconografía antigua y en un erudito en historia y letras que aborrece a media humanidad. Poco después, el arquitecto es hallado muerto y el Azacán, una secta ultraconservadora, vinculada a la alta jerarquía religiosa del país, comienza la persecución de los documentos y sus poseedores, y no dudará en recurrir a todos los medios con tal de mantener en secreto el enigmático mensaje. Las profecías anuncian cinco catástrofes sobre el pueblo mexicano. Cuatroya han ocurrido, pero una será fatídica para la ciudad de México y sucederá el 12 de diciembre del 2012. Nadie está preparado para lo que viene. -- aAn architect accidentally discovers a mysterious parchment in the old Basilica of Guadalupe, without realizing that it contains five prophecies dictated by the Virgin of Guadalupe to Juan Diego in the moment in which he appeared in the distant year of 1531. An amazing historical thriller that brings together adventure, mystery and a secret message.17aLiteratura mexicanaySiglo XXI17aNovela mexicana13aVirgen MaríaxAparicioneszMéxico10aMexican literaturex y21st century 13aFiction 13aVirgin MaryxApparitionszMexico aDeBolsillo Novela (Random House Mondadori)